000
00338 a2200157 4500
001
153373
040
_c
Escola São Tomás de Aquino
100
_a
CERVANTES, Miguel de
240
1
0
_a
Dom Quixote
_l
por
245
1
0
_a
Dom Quixote
300
_a
120
362
0
_a
2003
440
1
_a
Ática
697
_a
*LITERATURA JUVENIL
942
_c
BK
999
_c
153373
_d
153373